STORIA ILLUSTRATA OTTOBRE 1977. NUMERO SPECIALE CAPORETTO. (Record n. 328200)
[ formato base ]
| 000 -LEADER | |
|---|---|
| fixed length control field | 01504nas a2200277Ia 4500 |
| 001 - CONTROL NUMBER | |
| control field | R911-R9607 |
| 003 - CONTROL NUMBER IDENTIFIER | |
| control field | IT-CnALBA |
| 008 - FIXED-LENGTH DATA ELEMENTS--GENERAL INFORMATION | |
| fixed length control field | 170116c99999999xx |||||||||||| ||und|| |
| 040 ## - CATALOGING SOURCE | |
| Original cataloging agency | IT-CnALBA |
| Transcribing agency | IT-CnALBA |
| 041 ## - LANGUAGE CODE | |
| Language code of text/sound track or separate title | ITALIANO |
| 999 ## - SYSTEM CONTROL NUMBERS (KOHA) | |
| Koha Dewey Subclass [OBSOLETE] | NO |
| 100 ## - MAIN ENTRY--PERSONAL NAME | |
| Personal name | CEVA LUCIO |
| 210 ## - ABBREVIATED TITLE | |
| Abbreviated title | STORIA ILLUSTRATA |
| 222 ## - KEY TITLE | |
| Key title | STORIA ILLUSTRATA |
| 245 #0 - TITLE STATEMENT | |
| Title | STORIA ILLUSTRATA OTTOBRE 1977. NUMERO SPECIALE CAPORETTO. |
| 250 ## - EDITION STATEMENT | |
| Edition statement | 1a ed. |
| 260 ## - PUBLICATION, DISTRIBUTION, ETC. (IMPRINT) | |
| Place of publication, distribution, etc. | MILANO - VERONA |
| Name of publisher, distributor, etc. | MONDADORI ARNOLDO. EDIT. |
| Date of publication, distribution, etc. | 1977 [1° Ed.:1977 - Ed.Ling.Originale: 1977] |
| 300 ## - PHYSICAL DESCRIPTION | |
| Extent | 130 p. |
| 310 ## - CURRENT PUBLICATION FREQUENCY | |
| Current publication frequency | MENSILE |
| 362 ## - DATES OF PUBLICATION AND/OR SEQUENTIAL DESIGNATION | |
| Dates of publication and/or sequential designation | Fascicolo: 239 / (1977) |
| 500 ## - GENERAL NOTE | |
| General note | I PERCHÈ DI CAPORETTO. BATTAGLI SULL'ISONZO. CAOS NEI COMANDI. I TRE GENERALI RESPONSABILI DEL DISASTRO. IL GENERALE CADORNA. BATTAGLIA SUL PIAVE. LOTTA IN PARLAMENTO. MODELLISMO. AERONAUTICA. NUMISMATICA. CRUCIVERBA STORICO. ARMI LEGGERE. ORIGINE DEI NOMI. MONELLI P. CANCOGNI N. SILVESTRI M. CERVI M. BOCCA G. GEROSA G. BRIGNOLI N. |
| 501 ## - WITH NOTE | |
| With note | Società San Paolo EM - Piazza San Paolo, 14 - 12051 ALBA (CN) (non commercial uses only) ® Copyright 2017 |
| 520 ## - SUMMARY, ETC. | |
| Summary, etc. | I PERCHÈ DI CAPORETTO. BATTAGLI SULL'ISONZO. CAOS NEI COMANDI. I TRE GENERALI RESPONSABILI DEL DISASTRO. IL GENERALE CADORNA. BATTAGLIA SUL PIAVE. LOTTA IN PARLAMENTO. MODELLISMO. AERONAUTICA. NUMISMATICA. CRUCIVERBA STORICO. ARMI LEGGERE. ORIGINE DEI NOMI. MONELLI P. CANCOGNI N. SILVESTRI M. CERVI M. BOCCA G. GEROSA G. BRIGNOLI N. |
| 650 ## - SUBJECT ADDED ENTRY--TOPICAL TERM | |
| Topical term or geographic name as entry element | STORIA UNIVERSALE |
| 942 ## - ADDED ENTRY ELEMENTS (KOHA) | |
| Koha item type | RIVISTA |
| 957 ## - | |
| -- | 1 |
| 999 ## - SYSTEM CONTROL NUMBERS (KOHA) | |
| -- | 1 |
| Withdrawn status | Lost status | Damaged status | Not for loan | Home library | Current library | Date acquired | Total Checkouts | Full call number | Date last seen | Price effective from | Koha item type | Public note |
|---|---|---|---|---|---|---|---|---|---|---|---|---|
| Buone Condizioni | Not For Loan | ALBA - Biblioteca | ALBA - Biblioteca | 16/01/2017 | R911-R9607 | 16/01/2017 | 16/01/2017 | RIVISTA | (data import: 16 gennaio 2017) - By Epidotti, Vaglietti. |